Statistics for The Apostles' Creed (Fill in the Blank)

Click here to take the quiz!

General Stats

  • This quiz has been taken 312 times
    (302 since last reset)
  • The average score is 9 of 17

Answer Stats

HintAnswer% Correct
I believe ____ God the Father ____,in almighty
78%
____ of Heaven and Earth,maker
78%
and in Jesus Christ his only ____ our ____,son lord
65%
____ of the ____ Mary,born virgin
63%
who was ____ by the Holy ____conceived ghost
59%
and sitteth on the ____ ____ of God the Father Almighty,right hand
53%
____ under ____ Pilate,suffered Pontius
51%
was ____, dead, and ____.crucified buried
51%
On the ____ day he rose ____ from the dead,third again
49%
the Holy ____ Church,Catholic
47%
the communion of ____,saints
47%
He ____ into ____.descended Hell
44%
the ____ of sinsforgiveness
43%
and the life ____. Amen.everlasting
42%
the ____ of the body,Resurrection
35%
from ____ he shall come to ____ the quick and the dead.thence judge
24%
I believe in the ____ ____,Holy Ghost
24%

Score Distribution

Percentile by Number Answered

Percent of People with Each Score

Your Score History

You have not taken this quiz since the last reset